[Event "72nd MNE-ch 2020"]
[Site "Podgorica"]
[Date "2020.09.13"]
[Round "4"]
[White "Sukovic, Andrej"]
[Black "Kalezic, Blazo"]
[Result "0-1"]
[WhiteElo "2261"]
[BlackElo "2448"]
[PlyCount "118"]
[EventDate "2020.09.11"]
[EventType "swiss"]
[EventRounds "9"]
[EventCountry "MNE"]
[TimeControl "5400+30"]

1. e4 c5 2. Nf3 a6 3. Nc3 Nc6 4. d4 cxd4 5. Nxd4 e6 6. Nxc6 bxc6 7. Bd3 d5 8. O-O Nf6 9. e5 Nd7 10. f4 g6 11. Na4 c5 12. c4 d4 13. Be4 Rb8 14. b3 Qc7 15. Bd2 Bb7 16. Qf3 Bxe4 17. Qxe4 Be7 18. Rae1 h5 19. Qf3 h4 20. Nb2 Kf8 21. Qg4 Rh5 22. Rf3 Kg7 23. Ref1 Rbh8 24. Nd3 Kf8 25. Rh3 Qc6 26. Qe2 Kg7 27. Nf2 Ra8 28. Ne4 Rhh8 29. Ba5 Qb7 30. Nd2 Rh7 31. Nf3 Rah8 32. Be1 Nb8 33. Ng5 Rh5 34. Qg4 Bxg5 35. fxg5 Nc6 36. Qf4 Kg8 37. Bd2 R8h7 38. Qe4 Qc8 39. Rd3 Ne7 40. b4 Nf5 41. b5 axb5 42. cxb5 Kg7 43. b6 Rh8 44. Ra3 c4 45. Bb4 c3 46. Ra7 Rxg5 47. Qf4 Rgh5 48. Be7 Re8 49. Bf6+ Kg8 50. Qe4 Qc5 51. Ra8 d3+ 52. Rf2 Ng7 53. Rxe8+ Nxe8 54. Qxd3 Qxb6 55. Bd8 Qc6 56. Ba5 Rxe5 57. Bxc3 Rd5 58. Qf3 Qd7 59. Rf1 Rd3 0-1

[Event "72nd MNE-ch 2020"]
[Site "Podgorica"]
[Date "2020.09.13"]
[Round "4"]
[White "Musovic, Armin"]
[Black "Tomic, Aleksandar"]
[Result "0-1"]
[WhiteElo "2207"]
[BlackElo "2373"]
[PlyCount "140"]
[EventDate "2020.09.11"]
[EventType "swiss"]
[EventRounds "9"]
[EventCountry "MNE"]
[TimeControl "5400+30"]

1. e4 c5 2. c3 d5 3. exd5 Qxd5 4. d4 Nf6 5. Nf3 e6 6. Bd3 Be7 7. O-O O-O 8. Qe2 cxd4 9. cxd4 b6 10. Bg5 Bb7 11. Nc3 Qd8 12. Rad1 Nbd7 13. Bb1 Nd5 14. Qe4 g6 15. Qh4 Re8 16. Ne4 N5f6 17. Rfe1 Rc8 18. h3 Bd5 19. Bd3 a5 20. a4 Bb3 21. Ra1 Bc2 22. Nxf6+ Nxf6 23. Bb5 Rf8 24. Qh6 Bb3 25. Re3 Bd5 26. Rae1 Rc2 27. Ne5 Ng4 28. Bxe7 Nxh6 29. Bxd8 Rxd8 30. Rc3 Rxb2 31. Rc7 Nf5 32. Nxf7 Rf8 33. Ne5 Nh4 34. Ng4 Nxg2 35. Rec1 Nh4 36. Kh2 h5 37. Nh6+ Kh8 38. Nf7+ Kg7 39. Ne5+ Kg8 40. Nd3 Rd2 41. Rd7 Rf7 42. Rc8+ Kg7 43. Rxf7+ Kxf7 44. Kg3 g5 45. Ne5+ Kf6 46. Bd3 Rd1 47. f3 Rd2 48. Rf8+ Kg7 49. Rf7+ Kg8 50. Bh7+ Kh8 51. Ng6+ Nxg6 52. Bxg6 Rxd4 53. Bxh5 Rxa4 54. Ra7 Rb4 55. Be8 Rf4 56. Bh5 a4 57. Bg4 Rb4 58. f4 Rb3+ 59. Kf2 a3 60. fxg5 Rb2+ 61. Kg3 a2 62. Kh4 Rb1 63. Kh5 a1=Q 64. Rxa1 Rxa1 65. Kh6 e5 66. g6 Ra7 67. h4 e4 68. h5 e3 69. Kg5 Bc4 70. Kh6 e2 0-1

[Event "72nd MNE-ch 2020"]
[Site "Podgorica"]
[Date "2020.09.13"]
[Round "4"]
[White "Milovic, Aleksandra"]
[Black "Alivodic, Dario"]
[Result "1-0"]
[WhiteElo "2198"]
[BlackElo "2103"]
[PlyCount "129"]
[EventDate "2020.09.11"]
[EventType "swiss"]
[EventRounds "9"]
[EventCountry "MNE"]
[TimeControl "5400+30"]

1. Nf3 d5 2. Nc3 e6 3. e4 Nf6 4. e5 Nfd7 5. b3 c5 6. Bb2 Nc6 7. Ne2 d4 8. c3 Ndxe5 9. Nxe5 Nxe5 10. Ng3 dxc3 11. dxc3 Qxd1+ 12. Rxd1 Bd7 13. Be2 O-O-O 14. O-O f6 15. f4 Nf7 16. Bh5 g6 17. Bf3 f5 18. c4 Rg8 19. Bf6 Bg7 20. Bxd8 Rxd8 21. Ne2 e5 22. Bd5 Nd6 23. fxe5 Bxe5 24. Nf4 Re8 25. Kh1 g5 26. Nd3 Bd4 27. Rde1 Ne4 28. g4 Bc3 29. Rc1 Bd4 30. gxf5 Nf6 31. Rce1 Nxd5 32. Rxe8+ Bxe8 33. cxd5 Bf7 34. Kg2 Bxd5+ 35. Kg3 Be4 36. Nc1 Bf6 37. Kg4 Kc7 38. Kh5 Kd6 39. Ne2 b5 40. Ng3 Bd5 41. Kh6 Ke7 42. Kxh7 Kf7 43. Kh6 a5 44. Rd1 Bd4 45. Kxg5 a4 46. bxa4 bxa4 47. a3 Bb3 48. Rxd4 cxd4 49. Kf4 Bd5 50. h4 Kf6 51. Ne4+ Kg7 52. Ke5 Bb3 53. Kxd4 Kh6 54. Nf6 Kg7 55. Ke5 Bd1 56. Ne4 Bb3 57. f6+ Kf8 58. h5 Kg8 59. Ng5 Bc2 60. h6 Bg6 61. h7+ Kh8 62. Kd6 Bh5 63. Ke7 Bg6 64. Ne6 Bh5 65. Nf4 1-0

[Event "72nd MNE-ch 2020"]
[Site "Podgorica"]
[Date "2020.09.13"]
[Round "4"]
[White "Popadic, Dragan"]
[Black "Karisik, Nenad"]
[Result "1/2-1/2"]
[WhiteElo "2171"]
[BlackElo "2106"]
[PlyCount "53"]
[EventDate "2020.09.11"]
[EventType "swiss"]
[EventRounds "9"]
[EventCountry "MNE"]
[TimeControl "5400+30"]

1. e4 c6 2. d4 d5 3. Nd2 dxe4 4. Nxe4 Nf6 5. Nc3 Bg4 6. Be2 Bxe2 7. Ncxe2 e5 8. Bg5 Nbd7 9. Nf3 e4 10. Nd2 Qa5 11. Bxf6 Nxf6 12. O-O O-O-O 13. Nc4 Qc7 14. Ng3 Bd6 15. Nxd6+ Qxd6 16. c3 h5 17. Re1 Rde8 18. Qc2 Qf4 19. Qc1 Qg4 20. h3 Qg6 21. Qf4 Re6 22. Qf5 Qxf5 23. Nxf5 g6 24. Ne3 Nd5 25. Rad1 b5 26. c4 Nxe3 27. fxe3 1/2-1/2

[Event "72nd MNE-ch 2020"]
[Site "Podgorica"]
[Date "2020.09.13"]
[Round "4"]
[White "Pobor, Milo"]
[Black "Milovic, Jovan"]
[Result "0-1"]
[WhiteElo "2143"]
[BlackElo "2276"]
[PlyCount "104"]
[EventDate "2020.09.11"]
[EventType "swiss"]
[EventRounds "9"]
[EventCountry "MNE"]
[TimeControl "5400+30"]

1. e4 d5 2. exd5 Nf6 3. d4 Bg4 4. Bb5+ Nbd7 5. f3 Bf5 6. Nc3 a6 7. Bd3 Bxd3 8. Qxd3 Nb6 9. Nge2 Nfxd5 10. Ne4 e5 11. dxe5 Nb4 12. Qb3 a5 13. a3 a4 14. Qc3 N6d5 15. Qd2 Nc6 16. f4 f5 17. Ng5 Nb6 18. Qc3 Qd5 19. O-O h6 20. Nf3 O-O-O 21. b3 Qb5 22. Ng3 g6 23. bxa4 Qxa4 24. Qb3 Bc5+ 25. Kh1 h5 26. Nh4 Nd4 27. Qc3 Qb5 28. a4 Qc6 29. a5 Nd5 30. Qc4 Rhg8 31. Rd1 Ne6 32. a6 bxa6 33. Qxa6+ Qxa6 34. Rxa6 Nb6 35. Rf1 Rd4 36. Ra2 Rc4 37. Ne2 Kb7 38. c3 Nd5 39. Rf3 Re4 40. Rf1 Be7 41. Nf3 Ra8 42. Rb2+ Kc8 43. Nfd4 Nxd4 44. Nxd4 Ra1 45. Nb5 Rxf4 46. Rd1 Rc4 47. g3 Nxc3 48. Rc2 Nxd1 49. Rxc4 c5 50. Nd6+ Bxd6 51. exd6 Kd7 52. Rxc5 Nf2+ 0-1

[Event "72nd MNE-ch 2020"]
[Site "Podgorica"]
[Date "2020.09.13"]
[Round "4"]
[White "Vujovic, Savo"]
[Black "Lazarevic, Zoran V"]
[Result "1-0"]
[WhiteElo "2082"]
[BlackElo "2132"]
[PlyCount "59"]
[EventDate "2020.09.11"]
[EventType "swiss"]
[EventRounds "9"]
[EventCountry "MNE"]
[TimeControl "5400+30"]

1. e4 c5 2. Nf3 d6 3. d4 cxd4 4. Nxd4 Nf6 5. Nc3 a6 6. Bg5 e6 7. f4 Be7 8. Qf3 Qc7 9. O-O-O Nbd7 10. g4 b5 11. Bxf6 Bxf6 12. Bxb5 axb5 13. Ndxb5 Qc6 14. Rxd6 Qb7 15. Rxe6+ Kf8 16. Nd6 fxe6 17. Nxb7 Bxb7 18. Rd1 Nc5 19. Qe3 Be7 20. f5 h6 21. Kb1 Kf7 22. fxe6+ Kg6 23. Nd5 Bxd5 24. exd5 Rhd8 25. c4 Rab8 26. d6 Rxd6 27. Rxd6 Bxd6 28. Qd2 Rd8 29. Qc2+ Kg5 30. Qf5+ 1-0

[Event "72nd MNE-ch 2020"]
[Site "Podgorica"]
[Date "2020.09.13"]
[Round "4"]
[White "Vuckovic, Marko"]
[Black "Cadjenovic, Dragan"]
[Result "1-0"]
[WhiteElo "2059"]
[BlackElo "1841"]
[PlyCount "55"]
[EventDate "2020.09.11"]
[EventType "swiss"]
[EventRounds "9"]
[EventCountry "MNE"]
[TimeControl "5400+30"]

1. e4 e5 2. Nf3 Nc6 3. d4 exd4 4. Nxd4 Nxd4 5. Qxd4 d6 6. Nc3 Nf6 7. Be3 Be7 8. f3 c6 9. O-O-O O-O 10. g4 Qa5 11. Kb1 Rd8 12. g5 Ne8 13. Rg1 b5 14. f4 b4 15. Ne2 Be6 16. b3 c5 17. Qb2 Qc7 18. f5 Bd7 19. Nf4 Bc6 20. Bc4 Bxe4 21. g6 hxg6 22. fxg6 Bxg6 23. Rxg6 Bf6 24. Qc1 Be5 25. Rdg1 Kf8 26. Qf1 Kg8 27. Ne6 Qe7 28. Nxd8 1-0

[Event "72nd MNE-ch 2020"]
[Site "Podgorica"]
[Date "2020.09.13"]
[Round "4"]
[White "Petrusic, Goran"]
[Black "Sabotic, Denis"]
[Result "1-0"]
[WhiteElo "1935"]
[BlackElo "1708"]
[PlyCount "65"]
[EventDate "2020.09.11"]
[EventType "swiss"]
[EventRounds "9"]
[EventCountry "MNE"]
[TimeControl "5400+30"]

1. c4 e5 2. Nc3 c6 3. d3 Nf6 4. Nf3 d6 5. g3 Be7 6. Bg2 Be6 7. O-O Nbd7 8. b3 O-O 9. Bb2 Re8 10. Rc1 h5 11. h3 Nh7 12. e4 Ndf6 13. Kh2 g5 14. Ng1 g4 15. d4 gxh3 16. Nxh3 Ng4+ 17. Kg1 h4 18. Ne2 hxg3 19. Nxg3 Bh4 20. Nf5 Bxf5 21. exf5 Ngf6 22. dxe5 dxe5 23. Qxd8 Raxd8 24. Rcd1 Ng4 25. Bf3 Nh6 26. Rxd8 Bxd8 27. Be4 Ng5 28. Nxg5 Bxg5 29. Rd1 Re7 30. Rd8+ Kg7 31. Ba3 Rc7 32. Bf8+ Kh7 33. f6+ 1-0

[Event "72nd MNE-ch 2020"]
[Site "Podgorica"]
[Date "2020.09.13"]
[Round "4"]
[White "Skenderovic, Ismet"]
[Black "Petrovic, Slavko"]
[Result "1/2-1/2"]
[WhiteElo "1913"]
[BlackElo "1909"]
[PlyCount "61"]
[EventDate "2020.09.11"]
[EventType "swiss"]
[EventRounds "9"]
[EventCountry "MNE"]
[TimeControl "5400+30"]

1. d4 d5 2. Nf3 Nd7 3. Bf4 e6 4. e3 Be7 5. Bd3 f5 6. Nbd2 Nf8 7. Be5 Nf6 8. Bxf6 Bxf6 9. c4 c6 10. Rc1 Ng6 11. Qc2 Ne7 12. cxd5 exd5 13. O-O O-O 14. g3 Qd6 15. Qc3 Ng6 16. h4 Re8 17. b4 a6 18. Nb3 Nh8 19. a3 Nf7 20. Rfe1 Nh6 21. Bb1 Ng4 22. Nh2 Nxh2 23. Kxh2 Bxh4 24. Kg2 Be7 25. Rh1 h6 26. Nc5 Qf6 27. Nd3 Bd6 28. Rce1 Re7 29. f4 Be6 30. Ne5 Bxe5 31. dxe5 1/2-1/2

[Event "72nd MNE-ch 2020"]
[Site "Podgorica"]
[Date "2020.09.13"]
[Round "4"]
[White "Koljevic, Nikolina"]
[Black "Lakusic, Zoran"]
[Result "1-0"]
[WhiteElo "1870"]
[BlackElo "1711"]
[PlyCount "57"]
[EventDate "2020.09.11"]
[EventType "swiss"]
[EventRounds "9"]
[EventCountry "MNE"]
[TimeControl "5400+30"]

1. e4 c5 2. Nf3 d6 3. d4 cxd4 4. Qxd4 Nc6 5. Bb5 Bd7 6. Bxc6 Bxc6 7. Nc3 Qb6 8. Qd3 e5 9. O-O Nf6 10. Be3 Qc7 11. Bg5 Be7 12. Nh4 g6 13. f4 Nh5 14. Nf3 Nxf4 15. Bxf4 exf4 16. Nd4 g5 17. Qc4 Qd7 18. Nf5 Rg8 19. Rad1 Rg6 20. Qd4 f6 21. Rd3 b6 22. Nd5 Bxd5 23. Qxd5 Rd8 24. Rff3 Rc8 25. Rc3 Rc5 26. Qa8+ Qd8 27. Qxa7 g4 28. Rxc5 dxc5 29. Rb3 1-0

[Event "72nd MNE-ch 2020"]
[Site "Podgorica"]
[Date "2020.09.13"]
[Round "4"]
[White "Popovic, Mateja"]
[Black "Kandic, Milojko"]
[Result "1/2-1/2"]
[WhiteElo "1550"]
[BlackElo "1961"]
[PlyCount "93"]
[EventDate "2020.09.11"]
[EventType "swiss"]
[EventRounds "9"]
[EventCountry "MNE"]
[TimeControl "5400+30"]

1. d4 d5 2. c4 e5 3. dxe5 d4 4. Nf3 c5 5. Bf4 Nc6 6. e3 Nge7 7. a3 Ng6 8. Bg3 Qb6 9. Qc2 Bf5 10. Qxf5 Qxb2 11. Nfd2 d3 12. Qxd3 Rd8 13. Qc3 Rxd2 14. Qxb2 Rxb2 15. f4 Be7 16. Nd2 b6 17. Bd3 O-O 18. Ke2 f6 19. Be4 Na5 20. Bd5+ Kh8 21. h4 Rd8 22. Rhd1 fxe5 23. h5 exf4 24. hxg6 fxg3 25. gxh7 Bf6 26. Rab1 Rxb1 27. Rxb1 Kxh7 28. Kf3 Be5 29. Ne4 Re8 30. Rh1+ Kg6 31. Rh4 Rf8+ 32. Kg4 Rf1 33. Rh5 Bf6 34. Nxg3 Rc1 35. Ne2 Rxc4+ 36. Nf4+ Rxf4+ 37. exf4 Bb2 38. Rf5 Bf6 39. Rh5 Bb2 40. a4 c4 41. Rg5+ Kf6 42. Rf5+ Ke7 43. Rf7+ Kd6 44. Be4 Nc6 45. Kf3 a5 46. Ke3 Bd4+ 47. Kd2 1/2-1/2

[Event "72nd MNE-ch 2020"]
[Site "Podgorica"]
[Date "2020.09.13"]
[Round "4"]
[White "Mosurovic, Milena"]
[Black "Kalezic, Bojan"]
[Result "0-1"]
[WhiteElo "1353"]
[BlackElo "1855"]
[PlyCount "60"]
[EventDate "2020.09.11"]
[EventType "swiss"]
[EventRounds "9"]
[EventCountry "MNE"]
[TimeControl "5400+30"]

1. e4 c5 2. Nc3 Nc6 3. g3 g6 4. Bg2 Bg7 5. d3 d6 6. Be3 e6 7. Qd2 Nd4 8. Nge2 Ne7 9. O-O O-O 10. Nd1 Rb8 11. Nc1 e5 12. c3 Ndc6 13. Bh6 f5 14. Bxg7 Kxg7 15. f4 Be6 16. Ne2 d5 17. exf5 Bxf5 18. Ne3 d4 19. Nxf5+ Nxf5 20. Bxc6 bxc6 21. fxe5 Re8 22. cxd4 cxd4 23. Rac1 Qd7 24. Rc5 Rb5 25. Rfc1 Rxe5 26. Rxc6 Rb7 27. Nf4 Ne3 28. Qf2 Qf7 29. Ng2 Qxf2+ 30. Kxf2 Rxb2+ 0-1

[Event "72nd MNE-ch 2020"]
[Site "Podgorica"]
[Date "2020.09.13"]
[Round "5"]
[White "Blagojevic, Dragisa"]
[Black "Podlesnik, Bogdan"]
[Result "1/2-1/2"]
[WhiteElo "2492"]
[BlackElo "2354"]
[PlyCount "53"]
[EventDate "2020.09.11"]
[EventType "swiss"]
[EventRounds "9"]
[EventCountry "MNE"]
[TimeControl "5400+30"]

1. d4 Nf6 2. c4 e6 3. Nf3 b6 4. g3 Ba6 5. b3 d5 6. Bg2 dxc4 7. Ne5 Bb4+ 8. Kf1 Bd6 9. Nxc4 Nd5 10. e4 Ne7 11. Bb2 Nbc6 12. Nbd2 O-O 13. Kg1 b5 14. Nxd6 cxd6 15. h4 d5 16. e5 Qb6 17. Nf3 b4 18. Qd2 Bb5 19. Kh2 a5 20. a4 bxa3 21. Bxa3 Ba6 22. Bxe7 Nxe7 23. Qxa5 Qxb3 24. Rhb1 Qc2 25. Qb6 Qc8 26. Rc1 Bc4 27. Nd2 1/2-1/2

[Event "72nd MNE-ch 2020"]
[Site "Podgorica"]
[Date "2020.09.13"]
[Round "5"]
[White "Kalezic, Blazo"]
[Black "Djukic, Nikola"]
[Result "1-0"]
[WhiteElo "2448"]
[BlackElo "2525"]
[Annotator "TA"]
[PlyCount "85"]
[EventDate "2020.09.11"]
[EventType "swiss"]
[EventRounds "9"]
[EventCountry "MNE"]

{[%evp 16,85,27,24,44,21,39,36,44,-25,57,52,89,30,73,0,158,130,168,168,506,506,514,503,512,465,612,616,614,621,600,418,448,416,407,402,488,390,495,465,577,579,579,572,572,576,571,364,570,560,559,545,905,744,1902,1641,1891,1816,1060,807,1758,1205,1743,1710,29961,11919,5834,2789,5834,5827,29992,1135]} 1. e4 c5 2. c3 Nf6 3. e5 Nd5 4. Nf3 Nc6 5. Bc4 Nb6 6. Bb3 c4 7. Bc2 d6 8. exd6 Qxd6 9. O-O Bg4 {B22: Sicilian: 2 c3.} 10. h3 Bh5 11. Re1 O-O-O {White is slightly better.} 12. a4 (12. Be4 $14) 12... Qf6 (12... Na5 $11) 13. Be4 $1 $14 Ne5 {[#]} 14. a5 $146 (14. g4 $16 {Nxe5 is the strong threat.} Nxf3+ 15. Qxf3 Qxf3 16. Bxf3) ({Predecessor:} 14. d4 Nxf3+ 15. gxf3 a5 16. Qe2 e6 17. Na3 Kb8 18. b3 Nd5 19. Nb5 Bd6 20. bxc4 {1-0 (39) Pospisil,L (2510)-Tiemann,H (2472) ICCF email 2010}) 14... Nbd7 {[#] White must now prevent ...Nc5.} 15. a6 (15. d4 $16 cxd3 16. Nbd2) 15... bxa6 $2 {White now steadily converts the win.} (15... Nxf3+ $11 16. Bxf3 Bxf3 17. Qxf3 Qxf3 18. gxf3 e6) 16. d4 $36 {[%mdl 2048] White is on the roll.} cxd3 17. Nbd2 Nb8 $2 (17... Nc5) 18. Ra5 $18 Nxf3+ 19. Nxf3 (19. Bxf3 Bxf3 20. Nxf3 Qb6 $16) (19. gxf3 e5 $16) 19... e5 20. g4 ({Weaker is} 20. Qb3 Qb6 $16) 20... Qb6 21. Ra4 Bc5 22. gxh5 Bxf2+ 23. Kg2 Bxe1 24. Rc4+ ({Less strong is} 24. Nxe1 Qe6 $18) 24... Kd7 {[#] aiming for ...Qf2+.} 25. Qxe1 f6 26. Rb4 Qe6 27. Rb7+ Kc8 28. Qf2 Nc6 29. Rxa7 Nxa7 30. Qxa7 {[%csl Ge4][%cal Ra7b7]} Rd7 31. Qa8+ Kc7 32. Qxh8 f5 33. Ba8 Qb3 {Black hopes to continue with ...Qd1.} 34. Bd2 Qd1 35. Qe8 Qe2+ 36. Kg3 f4+ 37. Kg4 {Hoping for c4.} Qg2+ 38. Kf5 Qxh3+ 39. Ke4 {White wants to mate with c4.} Qg2 40. Qxe5+ Kd8 41. Qb8+ Ke7 42. Bc6 Rd6 43. Qe8+ {Accuracy: White = 83%, Black = 40%.} (43. Qc7+ $142 Ke6 44. Be8 Qe2+ 45. Kxf4 Qh2+ 46. Nxh2 g5+ 47. hxg6 Rd4+ 48. cxd4 Kd5 49. Bf7+ Kxd4 50. Nf3#) 1-0

[Event "72nd MNE-ch 2020"]
[Site "Podgorica"]
[Date "2020.09.13"]
[Round "5"]
[White "Tomic, Aleksandar"]
[Black "Draskovic, Luka"]
[Result "1/2-1/2"]
[WhiteElo "2373"]
[BlackElo "2472"]
[PlyCount "51"]
[EventDate "2020.09.11"]
[EventType "swiss"]
[EventRounds "9"]
[EventCountry "MNE"]
[TimeControl "5400+30"]

1. d4 e6 2. e4 d5 3. e5 c5 4. c3 Bd7 5. Nf3 Qb6 6. Na3 cxd4 7. cxd4 Bb4+ 8. Bd2 Ne7 9. Bd3 Nbc6 10. Nc2 Bxd2+ 11. Qxd2 Qxb2 12. O-O Qb6 13. Qg5 Ng6 14. Rab1 Qc7 15. h4 h6 16. Qg3 O-O 17. Ne3 Kh8 18. Ng4 Nge7 19. h5 Rab8 20. Rfc1 f5 21. exf6 Qxg3 22. fxg7+ Kxg7 23. fxg3 Be8 24. Nge5 Nxe5 25. Nxe5 Nc6 26. Nxc6 1/2-1/2

[Event "72nd MNE-ch 2020"]
[Site "Podgorica"]
[Date "2020.09.13"]
[Round "5"]
[White "Nikac, Predrag"]
[Black "Sukovic, Andrej"]
[Result "1-0"]
[WhiteElo "2312"]
[BlackElo "2261"]
[PlyCount "131"]
[EventDate "2020.09.11"]
[EventType "swiss"]
[EventRounds "9"]
[EventCountry "MNE"]
[TimeControl "5400+30"]

1. e4 c5 2. Nf3 d6 3. d4 cxd4 4. Nxd4 Nf6 5. Nc3 a6 6. f4 e5 7. Nf3 Nbd7 8. Bc4 Be7 9. fxe5 dxe5 10. O-O O-O 11. a4 Qc7 12. Qe2 Nb6 13. Bb3 Bg4 14. Bg5 Nbd7 15. h3 Be6 16. Nh4 h6 17. Bxf6 Bxf6 18. Nf5 Kh7 19. Rad1 Rad8 20. Kh1 Nc5 21. Bd5 Bg5 22. Qc4 Qb6 23. b4 Nd7 24. a5 Bxd5 25. Nxd5 Qe6 26. h4 Rc8 27. Qd3 Bd8 28. c4 g6 29. c5 gxf5 30. exf5 Qc6 31. f6+ Kh8 32. Qd2 Kh7 33. Ne7 Bxe7 34. fxe7 Rg8 35. Rxf7+ Kh8 36. e8=Q Rcxe8 37. Rxd7 Qf6 38. Rd6 Qxh4+ 39. Kg1 Kh7 40. Rf1 Rg5 41. Rf7+ Kg8 42. Qd5 Kh8 43. Qd3 Qe1+ 44. Rf1 Qh4 45. Qf3 Reg8 46. Qf6+ R8g7 47. Qxh6+ Qxh6 48. Rxh6+ Kg8 49. Rf2 R7g6 50. Rxg6+ Rxg6 51. Rd2 Rg7 52. Rd8+ Kh7 53. Re8 Rg4 54. Re7+ Kg6 55. Rxb7 Rc4 56. Kf2 Kf5 57. Ke3 Rc3+ 58. Kd2 Rc4 59. Kd3 Rd4+ 60. Kc3 Ke4 61. c6 Rd1 62. Kb2 Rd2+ 63. Kc3 Rd1 64. c7 Rc1+ 65. Kd2 Rc4 66. b5 1-0

[Event "72nd MNE-ch 2020"]
[Site "Podgorica"]
[Date "2020.09.13"]
[Round "5"]
[White "Milovic, Jovan"]
[Black "Pecurica, Milos"]
[Result "1-0"]
[WhiteElo "2276"]
[BlackElo "2359"]
[PlyCount "75"]
[EventDate "2020.09.11"]
[EventType "swiss"]
[EventRounds "9"]
[EventCountry "MNE"]
[TimeControl "5400+30"]

1. d4 Nf6 2. Bg5 d5 3. Bxf6 gxf6 4. e3 c5 5. c4 dxc4 6. d5 Nd7 7. Bxc4 Nb6 8. Bb5+ Bd7 9. Be2 Bg7 10. Nc3 f5 11. Bf3 Nc4 12. Qc2 Rb8 13. Nge2 b5 14. O-O O-O 15. Ng3 Nxb2 16. Qxb2 b4 17. Qc2 Bxc3 18. Rad1 Qb6 19. Nxf5 Bxf5 20. Qxf5 Qf6 21. Qh3 a5 22. Be4 h6 23. Bc2 Kh8 24. f4 c4 25. e4 b3 26. axb3 cxb3 27. Bb1 Qb6+ 28. Kh1 Bg7 29. e5 Rfd8 30. Qd3 Kg8 31. Qh7+ Kf8 32. Rf3 h5 33. d6 h4 34. f5 Qb4 35. f6 exf6 36. exf6 Qg4 37. fxg7+ Qxg7 38. Rxf7+ 1-0

[Event "72nd MNE-ch 2020"]
[Site "Podgorica"]
[Date "2020.09.13"]
[Round "5"]
[White "Milovic, Aleksandra"]
[Black "Musovic, Armin"]
[Result "0-1"]
[WhiteElo "2198"]
[BlackElo "2207"]
[PlyCount "114"]
[EventDate "2020.09.11"]
[EventType "swiss"]
[EventRounds "9"]
[EventCountry "MNE"]
[TimeControl "5400+30"]

1. e4 c6 2. d4 d5 3. Nc3 dxe4 4. Nxe4 Nf6 5. Nxf6+ exf6 6. c3 Bd6 7. Bd3 O-O 8. Ne2 Re8 9. O-O Qc7 10. g3 Nd7 11. Bf4 Nf8 12. Bxd6 Qxd6 13. Nf4 Ne6 14. Nxe6 Bxe6 15. Qc2 h5 16. h4 Bh3 17. Rfe1 Rxe1+ 18. Rxe1 Qd5 19. Bh7+ Kh8 20. Be4 Qxa2 21. Bf3 g6 22. c4 Qa5 23. Re7 Kg7 24. d5 Rd8 25. Kh2 Qc5 26. Rxb7 cxd5 27. Bxd5 Rxd5 28. Rb5 Rd2 29. Qxd2 Qxc4 30. Ra5 Qf1 31. f3 a6 32. Ra3 Be6 33. Rc3 Qh3+ 34. Kg1 Qxg3+ 35. Kf1 Qxh4 36. Ke2 Qb4 37. Kd1 Bb3+ 38. Kc1 Qa4 39. Qd3 Be6 40. Ra3 Qf4+ 41. Kd1 h4 42. Qe4 Qxe4 43. fxe4 h3 44. Ke2 h2 45. Ra1 f5 46. Rh1 fxe4 47. Ke3 f5 48. Rxh2 Kf6 49. Kd4 Bd7 50. b4 Bb5 51. Rh8 Bd3 52. Ke3 g5 53. Rf8+ Ke5 54. Re8+ Kd5 55. Rg8 f4+ 56. Kd2 Kd4 57. Rd8+ Kc4 0-1

[Event "72nd MNE-ch 2020"]
[Site "Podgorica"]
[Date "2020.09.13"]
[Round "5"]
[White "Bujisic, Vlastimir"]
[Black "Vuckovic, Marko"]
[Result "1-0"]
[WhiteElo "2191"]
[BlackElo "2059"]
[PlyCount "79"]
[EventDate "2020.09.11"]
[EventType "swiss"]
[EventRounds "9"]
[EventCountry "MNE"]
[TimeControl "5400+30"]

1. e4 c5 2. Nf3 e6 3. d4 cxd4 4. Nxd4 Nc6 5. Nc3 Qc7 6. Be3 a6 7. Nxc6 bxc6 8. Na4 Nf6 9. Nb6 Rb8 10. Nxc8 Qxc8 11. Bd3 d5 12. exd5 cxd5 13. Bd4 Be7 14. Qe2 O-O 15. Bxa6 Qc7 16. a4 Nd7 17. Bb5 Bc5 18. Bxc5 Nxc5 19. O-O e5 20. c4 d4 21. b4 Ne6 22. c5 Nf4 23. Qd2 Qe7 24. g3 Qe6 25. f3 Nd5 26. Bc4 Qc6 27. Bxd5 Qxd5 28. Rab1 Kh8 29. Qd3 f5 30. Rfd1 g5 31. Re1 h5 32. Qb3 Rfd8 33. Qxd5 Rxd5 34. c6 d3 35. b5 Rc5 36. Rec1 Rxc1+ 37. Rxc1 e4 38. fxe4 fxe4 39. Kf2 d2 40. Rd1 1-0

[Event "72nd MNE-ch 2020"]
[Site "Podgorica"]
[Date "2020.09.13"]
[Round "5"]
[White "Miletic, Vuk"]
[Black "Koljevic, Nikolina"]
[Result "1-0"]
[WhiteElo "2159"]
[BlackElo "1870"]
[PlyCount "67"]
[EventDate "2020.09.11"]
[EventType "swiss"]
[EventRounds "9"]
[EventCountry "MNE"]
[TimeControl "5400+30"]

1. d4 d5 2. c4 e6 3. Nc3 c5 4. cxd5 exd5 5. Nf3 Nc6 6. g3 Nf6 7. Bg2 Be7 8. O-O O-O 9. Bg5 cxd4 10. Nxd4 h6 11. Be3 Bg4 12. h3 Be6 13. Rc1 Qd7 14. Kh2 Rfd8 15. Nxc6 bxc6 16. Na4 Ne4 17. Nc5 Bxc5 18. Bxc5 Qc7 19. Bd4 Re8 20. b3 Bf5 21. Bb2 Rac8 22. Qd4 f6 23. h4 Re6 24. Rfd1 g5 25. hxg5 hxg5 26. Rh1 Qb6 27. Kg1 Qxd4 28. Bxd4 g4 29. Rh5 Nd6 30. Bxd5 cxd5 31. Rxc8+ Nxc8 32. Rxf5 Rxe2 33. Rxd5 Ne7 34. Rd7 1-0

[Event "72nd MNE-ch 2020"]
[Site "Podgorica"]
[Date "2020.09.13"]
[Round "5"]
[White "Karisik, Nenad"]
[Black "Nikcevic, Nebojsa"]
[Result "0-1"]
[WhiteElo "2106"]
[BlackElo "2413"]
[PlyCount "54"]
[EventDate "2020.09.11"]
[EventType "swiss"]
[EventRounds "9"]
[EventCountry "MNE"]
[TimeControl "5400+30"]

1. e4 e5 2. Nf3 Nc6 3. Bb5 a6 4. Ba4 b5 5. Bb3 Na5 6. d4 exd4 7. Bg5 Be7 8. Qxd4 Nxb3 9. axb3 Bxg5 10. Qd5 Rb8 11. Nxg5 Qe7 12. O-O Nf6 13. Qd4 O-O 14. e5 Nh5 15. f4 f6 16. exf6 Qxf6 17. Qd5+ Kh8 18. Qd3 Qb6+ 19. Kh1 Qh6 20. Nc3 Bb7 21. Nd5 Bxd5 22. Qxd5 Ng3+ 23. Kg1 Nxf1 24. Rxf1 Qb6+ 25. Kh1 Qf6 26. Rf3 Rbe8 27. h3 h6 0-1

[Event "72nd MNE-ch 2020"]
[Site "Podgorica"]
[Date "2020.09.13"]
[Round "5"]
[White "Alivodic, Dario"]
[Black "Mosurovic, Milena"]
[Result "1-0"]
[WhiteElo "2103"]
[BlackElo "1353"]
[PlyCount "85"]
[EventDate "2020.09.11"]
[EventType "swiss"]
[EventRounds "9"]
[EventCountry "MNE"]
[TimeControl "5400+30"]

1. d4 d5 2. Nc3 Nf6 3. Bf4 a6 4. e3 Bf5 5. Nge2 e6 6. Ng3 Bg6 7. h4 h6 8. h5 Bh7 9. Bd3 Bxd3 10. cxd3 Bd6 11. Be5 Nc6 12. f4 Qe7 13. a3 Bxe5 14. dxe5 Nd7 15. d4 Nb6 16. O-O Nc4 17. Qe2 O-O 18. Rf3 f6 19. exf6 Rxf6 20. b3 Nb6 21. Qd3 Re8 22. Nd1 Rf7 23. Nf2 Nd7 24. Ng4 Nf6 25. Qg6 Nxg4 26. Qxg4 Rf6 27. b4 Na7 28. Nf1 b6 29. Rf2 c5 30. bxc5 bxc5 31. dxc5 Qxc5 32. Rb1 Qe7 33. a4 Rff8 34. Rfb2 Nc8 35. Nd2 d4 36. e4 e5 37. fxe5 Qxe5 38. Rb7 Rf7 39. Rxf7 Kxf7 40. Rb7+ Kg8 41. Nf3 Qf6 42. e5 Qf8 43. Nxd4 1-0

[Event "72nd MNE-ch 2020"]
[Site "Podgorica"]
[Date "2020.09.13"]
[Round "5"]
[White "Djurovic, Peko"]
[Black "Popadic, Dragan"]
[Result "1/2-1/2"]
[WhiteElo "2003"]
[BlackElo "2171"]
[PlyCount "71"]
[EventDate "2020.09.11"]
[EventType "swiss"]
[EventRounds "9"]
[EventCountry "MNE"]
[TimeControl "5400+30"]

1. e4 c5 2. Nf3 Nc6 3. d4 cxd4 4. Nxd4 Nf6 5. Nc3 e5 6. Ndb5 d6 7. Bg5 a6 8. Bxf6 gxf6 9. Na3 b5 10. Nd5 Bg7 11. Bd3 Ne7 12. O-O Nxd5 13. exd5 f5 14. c3 O-O 15. Nc2 f4 16. a4 bxa4 17. Rxa4 f5 18. Nb4 f3 19. gxf3 Bh6 20. Nc6 Qf6 21. Kh1 Bf4 22. Rxf4 exf4 23. Qa4 Bd7 24. Qxf4 Kh8 25. Rg1 Rg8 26. Rg3 a5 27. Nd4 Rab8 28. b3 Rbf8 29. c4 Qe5 30. Qxe5+ dxe5 31. Ne6 Bxe6 32. dxe6 Rxg3 33. fxg3 Kg7 34. e7 Re8 35. Bxf5 Rxe7 36. Be4 1/2-1/2